• 首页
  • 本馆介绍
  • 公告通知
  • 最新文献
  • 馆藏检索
  • 电子资源
  • 读者导购
  • 参考咨询
  • 我的图书馆
  • 登录
  • 详细信息显示
  • 放入我的书架
  • 预约/预借图书
  • 作者相关作品
  • 分类相关作品
  • 丛书相关作品
  • 出版社相关作品

书目信息

  • 表格格式
  • 工作单格式
  • 卡片格式
题名:
发动机原理与汽车理论
    
 
作者: 白秀秀 , 高翠翠 主编
分册:  
出版信息: 北京   北京理工大学出版社有限责任公司  2020.9
页数: 193页
开本: 26cm
丛书名:
单 册:
中图分类: U464.01 , U461
科图分类:
主题词: 汽车--发动机--理论 , 汽车--理论
电子资源:
ISBN: 978-7-5682-9101-9
000 01025nam0 2200265 45
001 012001000965
005 20140912111239.0
010    @a978-7-5682-9101-9@dCNY76.00
100    @a20201221d2020 em y0chiy50 ea
101 0  @achi
102    @aCN@b110000
105    @aa z 000yy
106    @ar
200 1  @a发动机原理与汽车理论@Afa dong ji yuan li yu qi che li lun@b专著@f白秀秀,高翠翠主编
210    @a北京@c北京理工大学出版社有限责任公司@d2020.9
215    @a193页@c图@d26cm
330    @a本书以“发动机循环与性能指标-发动机的换气过程-发动机的燃烧与排放-发动机的特性”的知识脉络为主线,介绍发动机工作的有关原理;以汽车整车及其部件的受力分析为基础,建立有关的动力学方程,研究汽车的各种使用性能——动力性、燃油经济性、制动性、操纵稳定性、平顺性及通过性。
606 0  @a汽车@x发动机@x理论
606 0  @a汽车@x理论
690    @aU464.01@v5
690    @aU461@v5
701  0 @a白秀秀@Abai xiu xiu@4主编
701  0 @a高翠翠@Agao cui cui@4主编
801  0 @aCN@bBJSDL@c20211011
905    @b1332506-9@dU464.01@e1027@f4
    
    发动机原理与汽车理论/白秀秀,高翠翠主编.-北京:北京理工大学出版社有限责任公司,2020.9
    193页:图;26cm
    
    
    ISBN 978-7-5682-9101-9:CNY76.00
    本书以“发动机循环与性能指标-发动机的换气过程-发动机的燃烧与排放-发动机的特性”的知识脉络为主线,介绍发动机工作的有关原理;以汽车整车及其部件的受力分析为基础,建立有关的动力学方程,研究汽车的各种使用性能——动力性、燃油经济性、制动性、操纵稳定性、平顺性及通过性。
●
相关链接 在E读中查询图书 在五车中查询图书 在当当中查询图书 在豆瓣中查询图书


正题名:发动机原理与汽车理论     索取号:U464.01/1027         预约/预借

序号 登录号 条形码 馆藏地/架位号 状态 备注
1 1332506   213325061   第二样本阅览室/ [索取号:U464.01/1027] 在馆    
2 1332507   213325070   第三借阅区/ [索取号:U464.01/1027] 在馆    
3 1332508   213325089   第三借阅区/ [索取号:U464.01/1027] 在馆    
4 1332509   213325098   第三借阅区/ [索取号:U464.01/1027] 在馆    
欢迎您!
大连网信软件有限公司© 版权所有